Priame zahraničné investície Číny a ich vplyv na konkurencieschopnosť EÚ bakalárska práca

Gespeichert in:
Bibliographische Detailangaben
1. Verfasser: Morávek, Marek
Körperschaft: Obchodná fakulta EU. Katedra medzinárodného obchodu
Weitere Verfasser: Bronček, Juraj
Format: Buch
Sprache:Slowakisch
Veröffentlicht: Bratislava 2018
Tags: Tag hinzufügen
Keine Tags, Fügen Sie das erste Tag hinzu!

MARC

LEADER 00000nbm a2200000 4500
001 0245040
005 20180926143846.7
041 0 |a slo 
044 |a SK 
245 1 0 |a Priame zahraničné investície Číny a ich vplyv na konkurencieschopnosť EÚ  |b bakalárska práca  |c Marek Morávek ; školiteľ: Juraj Bronček 
264 1 |a Bratislava  |c 2018 
300 |a 49 s. 
100 1 |a Morávek, Marek 
700 1 |a Bronček, Juraj 
710 2 |a Obchodná fakulta EU. Katedra medzinárodného obchodu